000
00343nam a2200169Ia 4500
100
_a
Sharma/J.K
650
_a
Operations research
250
_a
4
942
_c
BK
366
_f
25
245
_a
Operations Research
260
_b
Macmillan
_c
2009
082
_a
1.424
_b
SHA
300
_a
958
546
_a
ENGLISH
_c
Info.Tech
999
_c
32232
_d
32232